01752nam a22003977a 4500003000500000005001700005008004100022010001000063011001000073035001000083040000900093090001000102100004800112245012900160260004000289300001000329502007700339590003700416590004100453590004100494590004100535590004200576650004500618650003500663650003800698650002600736901000700762942000900769949004300778949005500821949005500876999001700931952013900948952013901087952012801226CHAP20220329135647.0971013s1995 r 00010 d a40107 a41079 a45205 cCHAP aTesis00aCastillo Martínez, Carlos Román.920170 aEfecto de diferentes soluciones químicas en la vida útil postcosecha de alcatraz blanco (Zantedeschia aethiopica Spreng) aChapingo, Méx. :bEl autor,c1995 a60 h. aTesis (Ing. Agr. Esp. en Fitotecnia) -- UACH. Departamento de Fitotecnia aALEPHb10c20130110lUCH01h1308 aBATCH-UPDb10c20130110lUCH01h0907 aBATCH-UPDb10c20130410lUCH01h0533 aBATCH-UPDb10c20130914lUCH01h1418 aCONVERSIONb10c20130109lUCH01h132214aFloresxTecnología postcosecha.94140914aSolución (Química)910852814aTecnología postcosecha.911196314aZantedeschia.9123624 aBK cFOLL bBCcTESd-103366eTS1h27969i45205si bBCcTESd33724000005351eTS2fc.2h27970i45205si bBCcTESd33724000159992eTS2fc.3h30382i45205si c40107d40107 00102local4053708TESISaBCbBCcPA_TESISd2019-12-31fFOLLl0oTesisp33724000005351r2019-12-31 00:00:00tc.2w2019-12-31yTESIS 00102local4053708TESISaBCbBCcPA_TESISd2019-12-31fFOLLl0oTesisp33724000159992r2019-12-31 00:00:00tc.3w2019-12-31yTESIS 00102local4051708TESISaBCbBCcPA_TESISd2019-12-31fTESISl0oTesisp-103366r2019-12-31 00:00:00w2019-12-31yTESIS